LIBRARY & INFORMATION CENTRE, KCAET, TAVANUR

ONLINE PUBLIC ACCESS CATALOGUE (OPAC)

Electronic Principles (Record no. 14710)

MARC details
000 -LEADER
fixed length control field 00366nam a22001457a 4500
020 ## - INTERNATIONAL STANDARD BOOK NUMBER
ISBN 9780070634244
082 ## - DEWEY DECIMAL CLASSIFICATION NUMBER
Classification number 621.381
Item number MAL/EL
100 ## - MAIN ENTRY--AUTHOR NAME
Personal name Malvino,Albert
100 ## - MAIN ENTRY--AUTHOR NAME
Personal name Bates,David J
245 ## - TITLE STATEMENT
Title Electronic Principles
250 ## - EDITION STATEMENT
Edition statement 7
260 ## - PUBLICATION, DISTRIBUTION, ETC. (IMPRINT)
Place of publication New Delhi
Name of publisher Mcgraw Hill Education (India) Private Limited
Year of publication 2015
300 ## - PHYSICAL DESCRIPTION
Number of Pages 1018
942 ## - ADDED ENTRY ELEMENTS (KOHA)
Koha item type Book Bank scheme for SC students
Holdings
Withdrawn status Lost status Damaged status Home library Current library Shelving location Date acquired Source of acquisition Cost, normal purchase price Full call number Accession Number Koha item type
      KAUAET KAUAET Scheme 20/08/2016 Penta Books Distributors, Calicut. 699.00 621.381 MAL/EL BB 409 Book Bank scheme for SC students
free website counter